000 00784nas a2200229 a 4500
001 000046243
003 DLC
005 20201002052731.0
008 150710c19689999dr qr1pdd 0 z0spa d
040 _aDO-SdBNP
_bspa
_cBNPHU
043 _anwdr
245 0 0 _aGuajana.
260 _aSanto Domingo :
_bEditora Taller,
_c1968.
300 _av. ;
_c26 cm.
310 _aTrimestral
362 1 _aInicia con: Segunda época:no.10(abr-jun, 1968)
500 _aDirector: Vicente Rodríguez Nietzsche, 1968.
500 _aCatalogación basada en: Segunda época:no.10(abr-jun, 1968)
650 4 _aPoesía
_vPUBLICACIONES PERIÓDICAS
_zRepública Dominicana
_973986
651 4 _aRepública Dominicana
_vPUBLICACIONES PERIÓDICAS
_925092
700 1 _aRodríguez Nietzsche, Vicente
_eed.
_956084
999 _c45732
_d45732